000 00767nas a2200253 4500
001 BR8805091
003 BR-BrBNA
005 20231205091256.0
007 ta
008 230509b bl.|||p| |||| 00| 00por d
040 _aBR-BrBNA
_bpor
_cBiblioteca Nacional de Agricultura
041 _a(Pt)
072 _aE72
100 1 _aPerosa, J.M.Y.
100 1 _aCamara, F.L.A.
100 1 _aZanin, A.C.W.
245 1 _aProducao e comercializacao da mandioquinha-salsa em Sao Paulo, no periodo 1980/86
650 _aMANDIOQUINHA-SALSA
650 _aCOMERCIO INTERNO
650 _aSAO PAULO
773 0 _tHorticultura Brasileira (Brazil)
_xISSN 0102-0536
_g(May 1988), v. 6(1) p. 30-31
_wBR8805091
909 _a202311
_bLúcia
_c55
_dLúcia Elande
942 _2AGRIS
_n0
_cANA
999 _c124061
_d124061